01034nam a2200289 a 4500001001500000003000900015005001700024008004100041040002800082041000800110050002300118245008900141246001800230260004400248300001700292500002600309526000800335590003500343650004100378650002800419700003100447700002700478710002800505942001200533952018200545999001700727BD-DhNSU-30974BD-DhNSU20260422131153.0260422s1990 bg ||||g vw|| 001 0|eng d aDLCcBD-DhNSUdBD-DhNSU aeng00aKNG19b.A2B36 199000aBangladesh legal decisions ,nVol. 10 /cedited by Shahabuddin Ahmad & Sultan Ahmad. aBLDbVolume X aDhaka :bBangladesh Bar Council,c1990. avp ;c25 cm. aDec- 90 Reg. No.. 513 aLaw aSumaiya Kainat Bintey Kohinoor 0aLaw reports digests etczBangladesh. 4aLaw reports digests etc1 aAhmad, Shahabuddineeditor1 aAhmad, Sultan eeditor aBangladesh Bar Council. 2lcccBK 00102lcc40718REFaLCRbLCRcGENd2026-04-08eKarim InternationalfBDTg1116.00hvol-10iKI/NSU/L-77/25-26l0oKNG19.A2B36 1990p49261r2026-04-22 13:11:35t1w2026-03-09yBK c30974d30974